From Christoffel words to Markoff numbers / (Record no. 171719)

MARC details
000 -LEADER
fixed length control field 00858cam a2200253Ii 4500
001 - CONTROL NUMBER
control field 1038493963
003 - CONTROL NUMBER IDENTIFIER
control field OSt
005 - DATE AND TIME OF LATEST TRANSACTION
control field 20250430104327.0
008 - FIXED-LENGTH DATA ELEMENTS--GENERAL INFORMATION
fixed length control field 180605s2019 enk o 000 0 eng d
020 ## - INTERNATIONAL STANDARD BOOK NUMBER
Canceled/invalid ISBN 9780198827542 (hardcover)
040 ## - CATALOGING SOURCE
Original cataloging agency YDX
Language of cataloging eng
Description conventions rda
Transcribing agency YDX
Modifying agency NUST
050 #4 - LIBRARY OF CONGRESS CALL NUMBER
Classification number QA274.7 REU
100 1# - MAIN ENTRY--PERSONAL NAME
Personal name Reutenauer, Christophe
Relator term Author
245 10 - TITLE STATEMENT
Title From Christoffel words to Markoff numbers /
Statement of responsibility, etc. Christophe Reutenauer.
260 ## - PUBLICATION, DISTRIBUTION, ETC.
Place of publication, distribution, etc. Oxford :
Name of publisher, distributor, etc. Oxford University Press,
Date of publication, distribution, etc. 2019.
300 ## - PHYSICAL DESCRIPTION
Extent xi, 156 pages :
Other physical details Illustrations ;
Dimensions 24 cm.
336 ## - CONTENT TYPE
Content type term text
Content type code txt
Source rdacontent
337 ## - MEDIA TYPE
Media type term unmediated
Media type code n
Source rdamedia
338 ## - CARRIER TYPE
Carrier type term volume
Carrier type code nc
Source rdacarrier
504 ## - BIBLIOGRAPHY, ETC. NOTE
Bibliography, etc. note Includes bibliographical references and index.
650 #0 - SUBJECT ADDED ENTRY--TOPICAL TERM
Form subdivision Combinatorial analysis.
650 #0 - SUBJECT ADDED ENTRY--TOPICAL TERM
Form subdivision Markov processes.
942 ## - ADDED ENTRY ELEMENTS (KOHA)
Source of classification or shelving scheme Library of Congress Classification
Koha item type Ordinary Loan Books
Classification part QA274.7 REU
Call number prefix QA
Call number suffix REU
Suppress in OPAC No
Holdings
Withdrawn status Lost status Source of classification or shelving scheme Damaged status Not for loan Collection Home library Current library Shelving location Date acquired Source of acquisition Cost, normal purchase price Total Checkouts Full call number Barcode Date last seen Accession number Cost, replacement price Price effective from Koha item type Public note
    LCC     NFIC MAIN MAIN GEN 04/30/2025 Book Aid International 125.00   QA274.7 REU 92004054794 04/30/2025 61311 125.00 04/30/2025 BOOKS Donation